| 000 | 00672cam a2200193 a 4500 | ||
|---|---|---|---|
| 020 | _a089116278X (v. 1) : | ||
| 082 | 0 | 0 |
_a621.384135 _bMAR _cL-11 P-85 |
| 245 | 1 | 0 |
_aAntennas / _ctranslated by Meg Sanders. |
| 250 | _aRev. and updated. | ||
| 260 |
_aWashington : _bHemisphere Pub. Corp., _c1987-1988. |
||
| 300 |
_a2 v. : _bill. ; _c25 cm. |
||
| 500 | _aTranslation of: Antennes. | ||
| 505 | 0 | _av. 1. General principles / E. Roubine and J.C. Bolomey -- v. 2. Applications / S. Drabowitch and C. Ancona. | |
| 526 |
_a0 _b0 _c0 _d621_384135000000000_MAR |
||
| 650 | 0 |
_aAntennas (Electronics) _9593 |
|
| 650 | 0 |
_aMCE _9379 |
|
| 700 | 1 |
_aRoubine, E. _941650 |
|
| 942 |
_2ddc _cBK |
||
| 999 |
_c545701 _d545701 |
||